000 00590nam a2200241Ia 4500
003 OSt
005 20220924135228.0
006 a|||||r|||| 00| 0
007 ta
008 220923b |||||||| |||| 00| 0 urd d
024 _a289268
037 _cTextual
040 _aARTS
_cARTS
_burd
041 _2urd
_aurd
082 _aDelta24wM73, 168H2
100 _aRamtirath
_9209943
245 0 _aSawaneh hayat
260 _c1942
300 _a272p.
_ccm.
650 _aMYSTICISM
942 _hDelta24wM73, 168H2
_cTEXL
_2CC
999 _c440097
_d440097